000 00844nam a22002531 4500
001 32087
003 BD-RjUL
005 20211209051803.0
008 140423r19801960enk 001 0 eng d
020 _a0042941083
035 _aCURL 020000259849(Edi) from nsc103
_a(BD-RjUL) 32176
040 _aFGM
_dm.c
_dBD-RjUL
_beng
_cBD-RjUL
041 _aeng
082 _a294.3
_bMUC
100 1 _aMurti, T. R. V.
_q(Tirupattur Ramaseshayyar Venkatachala),
_d1902-
_997670
245 1 4 _aThe central philosophy of Buddhism :
_ba study of the Mādhyamika system /
_cMurti, T. R. V.
250 _a2nd ed.
260 _aLondon :
_bGeorge Allen and Unwin,
_cc1960 [Reprinted 1980].
300 _axiii, 372 p ;
_c19 cm.
504 _aIncludes index.
650 0 _aBuddhist philosophy
_992837
650 0 _aMādhyamika (Buddhism)
_993346
942 _2ddc
_cBK
999 _c32087
_d32087